00498nam a2200157Ia 4500100002400000942000700024654001500031245002800046260003400074082001300108300000800121546001200129999001700141952009100158952009100249 aSchalkoff/Robert J  cBK aartificial aArtificial intelligence bMc Graw HillaNew Delhic1990 a6.3bSCH a646 aENGLISH c27641d27641 001040708CRCaCRCEbCRCEd2023-03-17l0o6.3 SCHp10906r2023-03-17w2023-03-17yBK 001040708CRCaCRCEbCRCEd2023-03-17l0o6.3 SCHp10907r2023-03-17w2023-03-17yBK